00352nam a22001337a 4500003000400000020001800004082001800022100002800040245006400068250002200132260003700154300001000191650001700201SGT a9788131254080 a617.632bM19D aDean Jeffrey, Shanthala aMcDonald and Avery's Dentistry for the Child and Adolescent aSecond South Asia aNEW DELHI bElsevier Indiac2019 a1-422 aPEDODONTICS